[Event "Brno /Olexa/"]
[Site "Brno"]
[Date "2023.12.27"]
[Round "2"]
[White "Neduchal, Jiri"]
[Black "Stara, Zuzana"]
[Result "1-0"]
[WhiteElo "1766"]
[BlackElo "1691"]
[PlyCount "141"]
[EventDate "2023.12.??"]
[EventType "tourn"]
[EventRounds "7"]

{[%evp 0,118,37,-17,-14,-15,-4,-29,-23,-24,-4,1,-1,2,-5,10,22,16,29,25,33,16,
36,32,37,11,31,31,46,44,43,47,64,46,82,73,102,109,109,109,113,98,97,97,88,91,
107,112,119,118,134,118,118,118,125,118,144,128,131,116,137,92,146,138,221,198,
259,259,254,246,229,230,289,220,234,176,176,170,170,132,132,128,125,142,201,
172,172,172,154,186,199,198,176,216,297,297,297,214,337,132,132,132,132,132,
155,110,161,161,169,146,201,201,201,201,216,216,216,213,217,215,218]} 1. c4 e6
2. Nc3 d5 3. cxd5 exd5 4. d4 Nf6 5. Bg5 Bb4 6. e3 h6 7. Bxf6 Qxf6 8. Qb3 Bxc3+
9. Qxc3 c6 10. Nf3 Nd7 11. Bd3 O-O 12. b4 a6 13. O-O Qe7 14. a4 Nf6 15. b5 axb5
16. axb5 Bd7 17. bxc6 bxc6 18. Ne5 Qd6 19. h3 Rfe8 20. Rac1 Ra3 21. Qc5 Qxc5
22. Rxc5 Rc8 23. Rfc1 Kf8 24. Rb1 Ra7 25. Rb6 Ra1+ 26. Kh2 Ra3 27. Rb7 Ke8 28.
Bb1 Raa8 29. Bc2 Ra6 30. g4 g6 31. Kg3 Ke7 32. h4 Ke8 {(R)} 33. g5 hxg5 34.
hxg5 Nh5+ 35. Kg2 Be6 36. Bd3 Ra3 37. Be2 Ng7 38. Nxc6 Nf5 39. Bb5 Kf8 40. Ne5
Rxc5 41. dxc5 Ra2 42. Bd7 Nxe3+ 43. Kf3 Nf5 44. Bxe6 Nd4+ 45. Kg3 Nxe6 46. c6
Nxg5 47. c7 Ne4+ 48. Kf3 Nd6 {(R)} 49. Rb8+ Ke7 50. c8=Q Nxc8 51. Rxc8 Ra3+ 52.
Kg2 d4 53. Rc2 Ke6 54. Nf3 Kd5 55. Rc7 f6 56. Rd7+ Ke4 57. Rxd4+ Kf5 58. Rb4 g5
59. Nd4+ Kg6 60. Rb6 Rd3 61. Nc2 Kf5 62. Ne3+ Kg6 63. Ng4 Rd4 64. Nxf6 Kf5 65.
Nh5 Rd5 66. Ng3+ Ke5 67. Rg6 Kf4 68. Rg8 Ra5 69. Rf8+ Kg4 70. f3+ Kh4 71. Rh8#
1-0

[Event "Brno /Olexa/"]
[Site "Brno"]
[Date "2023.12.27"]
[Round "2"]
[White "Matzner, Radomil"]
[Black "Levchenko, Alisa"]
[Result "1-0"]
[WhiteElo "1740"]
[BlackElo "1178"]
[PlyCount "81"]
[EventDate "2023.12.??"]
[EventType "tourn"]
[EventRounds "7"]

1. d4 e6 2. Nf3 d5 3. Nc3 c5 4. e3 Nc6 5. Bb5 a6 6. Bxc6+ bxc6 7. Ne5 Bd7 8.
Qf3 Nf6 9. O-O cxd4 10. exd4 c5 11. Nxd7 Qxd7 12. Bg5 Be7 13. dxc5 Rc8 14. b4
O-O 15. Rad1 a5 16. a3 axb4 17. axb4 Qb7 18. Rd4 h6 19. Bh4 Nh7 20. Bxe7 Qxe7
21. Re1 Ng5 22. Qg3 Qf6 23. Rf4 Qg6 24. h4 Ne4 25. Qxg6 fxg6 26. Rxf8+ Rxf8 27.
Nxe4 dxe4 28. Rxe4 Rb8 29. c6 Kf7 30. c4 Ke7 31. Rd4 Ke8 32. b5 e5 33. Rd7 Rc8
34. Rxg7 Rd8 35. c7 Rc8 36. b6 Kf8 37. b7 Kxg7 38. bxc8=Q e4 39. Qe6 e3 40.
Qe7+ Kg8 41. c8=Q# 1-0

[Event "Brno /Olexa/"]
[Site "Brno"]
[Date "2023.12.27"]
[Round "2"]
[White "Cisar, Jiri"]
[Black "Prochazka, Marek"]
[Result "1/2-1/2"]
[WhiteElo "1646"]
[BlackElo "1133"]
[PlyCount "108"]
[EventDate "2023.12.??"]
[EventType "tourn"]
[EventRounds "7"]

1. Nf3 d5 2. c4 Nf6 3. g3 Bf5 4. Bg2 e6 5. O-O Bd6 6. b3 c6 7. Bb2 Nbd7 8. Nc3
Qc7 9. d3 O-O-O 10. Rc1 dxc4 11. Ng5 Bg6 12. Nge4 Bxe4 13. Nxe4 cxd3 14. Qxd3
Nxe4 15. Qxe4 Nf6 16. Qa4 Kd7 17. Rfd1 Ke7 18. Rd3 a6 19. Rcd1 Bc5 20. Qc4 Qb6
21. e3 Rxd3 22. Rxd3 Rd8 23. Bf3 Rxd3 24. Qxd3 g6 25. Qc4 Nd5 26. Qh4+ Ke8 27.
Bxd5 cxd5 28. Qa4+ Qc6 29. Qa5 Qb6 30. Qxb6 Bxb6 31. Kf1 Kd7 32. Ke2 Kc6 33.
Kd3 Kb5 34. a3 a5 35. Bc3 Bc5 36. a4+ Ka6 37. f3 h5 38. e4 dxe4+ 39. fxe4 Bg1
40. h3 g5 41. g4 hxg4 42. hxg4 Bh2 43. Bf6 Bf4 44. Kc4 Kb6 45. Kd4 Kc6 46. Bd8
b6 47. e5 Bd2 48. Be7 b5 49. Bd8 bxa4 50. bxa4 Kd7 51. Bf6 Kc6 52. Bd8 Kd7 53.
Bf6 Bc1 54. Kc4 Kc6 1/2-1/2

[Event "Brno /Olexa/"]
[Site "Brno"]
[Date "2023.12.27"]
[Round "2"]
[White "Teply, Jan"]
[Black "Zeman, Arnost"]
[Result "1/2-1/2"]
[WhiteElo "1297"]
[BlackElo "1706"]
[PlyCount "50"]
[EventDate "2023.12.??"]
[EventType "tourn"]
[EventRounds "7"]

{[%evp 0,50,18,10,39,-5,45,4,18,4,15,14,17,1,30,7,9,-4,11,2,-9,-28,-30,-40,-12,
-124,-114,-116,-8,-36,-38,-38,-11,-38,-49,-70,-63,-42,44,0,0,-12,0,-4,26,26,85,
89,91,93,98,113,150]} 1. Nf3 d5 2. g3 Nd7 3. Bg2 Ngf6 4. O-O e5 5. d3 Be7 6. c4
c6 7. Bg5 O-O 8. Nbd2 h6 9. Bxf6 Bxf6 10. Rb1 Re8 11. e3 Nb6 12. b4 dxc4 13.
dxc4 Be6 14. c5 Nd5 15. Ne4 Bf5 16. Nxf6+ Qxf6 17. Rb2 Bg4 18. e4 Ne7 19. Qb3
Rad8 20. Qc3 Bxf3 21. Qxf3 Qe6 22. Rd1 Nc8 23. Rbd2 Rxd2 24. Rxd2 Kf8 25. Bf1
Ke7 {(R)} 1/2-1/2

[Event "Brno /Olexa/"]
[Site "Brno"]
[Date "2023.12.27"]
[Round "2"]
[White "Borovickova, Eva"]
[Black "Divis, Jan"]
[Result "0-1"]
[WhiteElo "1238"]
[BlackElo "1536"]
[PlyCount "118"]
[EventDate "2023.12.??"]
[EventType "tourn"]
[EventRounds "7"]

1. Nf3 Nf6 2. b3 d5 3. Bb2 Nbd7 4. e3 c6 5. h3 Qc7 6. Be2 e5 7. O-O Bd6 8. d4
e4 9. Ne5 O-O 10. a4 Nxe5 11. dxe5 Bxe5 12. Bxe5 Qxe5 13. Na3 Qg5 14. Kh2 Qe5+
15. Kh1 g6 16. f4 exf3 17. Rxf3 Ne4 18. Qd4 Ng3+ 19. Rxg3 Qxg3 20. Rf1 f5 21.
Nb1 Be6 22. Qf4 Qxf4 23. exf4 d4 24. Bd3 Bd5 25. Nd2 Rae8 26. Nf3 Bxf3 27. Rxf3
Re3 28. Rf2 Kg7 29. Kg1 Re1+ 30. Kh2 Rfe8 31. Bc4 a5 32. Bd3 R8e3 33. Bc4 h5
34. h4 Kf6 35. Bd3 b6 36. Bc4 Rd1 37. Re2 Rxe2 38. Bxe2 Re1 39. Bd3 Re3 40. Kg1
Ke7 41. Kf2 Kd6 42. Bc4 Re7 43. Bd3 Kc5 44. Be2 Kb4 45. Bc4 Kc3 46. Bd3 Re3 47.
Bc4 Re4 48. Kg3 Kxc2 49. Bf7 d3 50. Bxg6 Re3+ 51. Kh2 d2 52. Bxh5 d1=Q 53.
Bxd1+ Kxd1 54. h5 b5 55. axb5 cxb5 56. h6 Re6 57. h7 Rh6+ 58. Kg3 Rxh7 59. Kf3
a4 0-1

[Event "Brno /Olexa/"]
[Site "Brno"]
[Date "2023.12.27"]
[Round "2"]
[White "Hala, Pavel"]
[Black "Rampulova, Marketa"]
[Result "1/2-1/2"]
[WhiteElo "1500"]
[BlackElo "1260"]
[PlyCount "39"]
[EventDate "2023.12.??"]
[EventType "tourn"]
[EventRounds "7"]

1. d4 Nf6 2. Nc3 g6 3. e3 Bg7 4. Nge2 O-O 5. Ng3 d5 6. h3 c6 7. Be2 Nbd7 8. O-O
Re8 9. f4 Qc7 10. Nh1 Nf8 11. g4 h6 12. Qe1 N6h7 13. Qg3 Qd7 14. Kg2 e5 15.
dxe5 Ne6 16. Nf2 b5 17. a3 Bb7 18. Kh2 c5 19. b4 c4 20. Bf3 1/2-1/2

[Event "Brno /Olexa/"]
[Site "Brno"]
[Date "2023.12.27"]
[Round "2"]
[White "Dolezal, Josef"]
[Black "Borkovec, Ondrej"]
[Result "1-0"]
[WhiteElo "1194"]
[BlackElo "1485"]
[PlyCount "117"]
[EventDate "2023.12.??"]
[EventType "tourn"]
[EventRounds "7"]

1. e4 c5 2. b3 Nf6 3. e5 Nd5 4. Nf3 g6 5. d4 Bg7 6. dxc5 Qa5+ 7. c3 Qxc5 8. b4
Qc6 9. b5 Qc5 10. Ba3 Nxc3 11. Bxc5 Nxd1 12. Kxd1 d6 13. Bd4 Bg4 14. Be2 a6 15.
exd6 Bxd4 16. Nxd4 Bxe2+ 17. Kxe2 exd6 18. Nc3 Kd7 19. a4 axb5 20. axb5 Rxa1
21. Rxa1 Re8+ 22. Kd3 Re5 23. Ne4 d5 24. Nc5+ Kc8 25. Nf3 Re7 26. Re1 Rxe1 27.
Nxe1 b6 28. Na4 Kc7 29. Kd4 Nd7 30. f3 Kd6 31. Nc2 Nc5 32. Nxb6 Ne6+ 33. Ke3
Kc5 34. Nd7+ Kxb5 35. Nd4+ Kc4 36. Nxe6 fxe6 37. Nf8 e5 38. Kd2 g5 39. Nxh7 g4
40. Nf6 gxf3 41. gxf3 Kd4 42. h4 e4 43. fxe4 dxe4 44. Ng4 e3+ 45. Nxe3 Ke5 46.
Ke2 Kf6 47. Kf3 Kg6 48. Kg4 Kh6 49. Nf5+ Kg6 50. Ne7+ Kf7 51. Nf5 Kg6 52. Nd6
Kh6 53. h5 Kh7 54. Kg5 Kg7 55. h6+ Kh7 56. Kh5 Kg8 57. Kg6 Kh8 58. Nf7+ Kg8 59.
h7+ 1-0

[Event "Brno /Olexa/"]
[Site "Brno"]
[Date "2023.12.27"]
[Round "2"]
[White "Branka, Julia"]
[Black "Carbonai, Gabriele"]
[Result "1-0"]
[WhiteElo "1466"]
[BlackElo "1228"]
[PlyCount "89"]
[EventDate "2023.12.??"]
[EventType "tourn"]
[EventRounds "7"]

1. d4 d5 2. c4 e6 3. Nc3 Nf6 4. Bf4 c6 5. Nf3 Nbd7 6. e3 Be7 7. Be2 dxc4 8.
Bxc4 b5 9. Bb3 O-O 10. h3 b4 11. Ne2 Ne4 12. O-O Ndf6 13. Bc2 Bb7 14. Ng3 Nxg3
15. Bxg3 Ba6 16. Re1 Qa5 17. Ne5 c5 18. Nc6 Qb5 19. Nxe7+ Kh8 20. Ba4 Qb7 21.
Nc6 Bb5 22. Bxb5 Qxb5 23. Ne5 Rfd8 24. Nxf7+ Kg8 25. Nxd8 Rxd8 26. Qb3 c4 27.
Qc2 Qd5 28. Rec1 Rc8 29. a3 Ne4 30. Be5 b3 31. Qe2 Rf8 32. Qg4 Rf7 33. f3 Nd6
34. Bxd6 Qxd6 35. Rxc4 g6 36. Rac1 Kg7 37. Rc6 Qb8 38. Qxe6 Qb5 39. d5 Qe2 40.
Qe5+ Kh6 41. Rc7 Rf5 42. Qg7+ Kg5 43. h4+ Kxh4 44. Qh6+ Rh5 45. Qf4# 1-0

[Event "Brno /Olexa/"]
[Site "Brno"]
[Date "2023.12.27"]
[Round "2"]
[White "Branka, Natalia"]
[Black "Doskar, Miloslav"]
[Result "0-1"]
[WhiteElo "1032"]
[BlackElo "1462"]
[PlyCount "114"]
[EventDate "2023.12.??"]
[EventType "tourn"]
[EventRounds "7"]

1. e4 e5 2. Nf3 d6 3. Bc4 Be7 4. O-O Nf6 5. d3 O-O 6. Nbd2 Nc6 7. c3 Na5 8. Bb5
Bd7 9. Bxd7 Qxd7 10. Re1 Nc6 11. Nf1 Rfe8 12. Ng3 g6 13. Qd2 Bf8 14. Qg5 Bg7
15. h3 Qe7 16. Qh4 Nd7 17. Qg4 Nf6 18. Qh4 Nd7 19. Bg5 f6 20. Bh6 Bxh6 21. Qxh6
Qg7 22. Qh4 Nf8 23. Re3 Ne6 24. Nh2 Nb8 25. Rae1 Kh8 26. Ng4 Nd7 27. Rf3 g5 28.
Qh5 Nf4 29. Qh6 Qxh6 30. Nxh6 Kg7 31. Ngf5+ Kg6 32. g3 Ne6 33. h4 Ng7 34. h5+
Nxh5 35. g4 Nf4 36. Rg3 Nc5 37. d4 exd4 38. cxd4 Nce6 39. d5 Ng7 40. Nxg7 Kxg7
41. Nf5+ Kf7 42. Nh6+ Ke7 43. Nf5+ Kd7 44. Rc3 Rh8 45. Rec1 Ne2+ 46. Kg2 Nxc1
47. Rxc1 h5 48. gxh5 Rxh5 49. f3 Rah8 50. Kf2 Rh2+ 51. Kg3 Rxb2 52. f4 gxf4+
53. Kxf4 Rxa2 54. Ke3 Ra3+ 55. Kd4 Rhh3 56. Rxc7+ Kxc7 57. e5 Ra4# 0-1

[Event "Brno /Olexa/"]
[Site "Brno"]
[Date "2023.12.27"]
[Round "2"]
[White "Vindis, Patrik"]
[Black "Nisztuk, Michal"]
[Result "1-0"]
[WhiteElo "1071"]
[BlackElo "1447"]
[PlyCount "121"]
[EventDate "2023.12.??"]
[EventType "tourn"]
[EventRounds "7"]

{[%evp 0,104,19,27,26,27,53,-16,4,-36,54,51,46,16,44,-5,-16,-17,-19,-16,16,1,1,
-15,-9,-26,-2,5,73,38,75,72,78,36,32,33,99,99,103,103,215,215,339,192,192,156,
201,195,244,244,224,126,129,100,124,47,60,-9,-20,19,35,50,97,97,95,71,111,97,
149,145,158,109,238,237,226,226,226,198,208,210,212,181,187,206,214,225,217,
216,215,211,218,179,241,179,179,185,183,183,183,190,197,199,199,199,205,200,
342]} 1. Nf3 d5 2. d4 c5 3. b3 Nf6 4. Bb2 b6 5. e3 e6 6. Bd3 Bd6 7. Bb5+ Bd7 8.
Bxd7+ Qxd7 9. dxc5 bxc5 10. Bxf6 gxf6 11. O-O Nc6 12. Nbd2 h5 13. g3 e5 14. e4
d4 15. Nc4 Bc7 16. Qd2 Qg4 17. Qe2 h4 18. Nxd4 Qxe2 19. Nxe2 hxg3 20. fxg3 Ke7
21. c3 Rag8 22. Rae1 Ke6 23. Nc1 Ne7 24. Nd3 Bb6 25. Nxb6 axb6 26. c4 Nc6 27.
Rb1 Rd8 28. Rfd1 Nd4 29. Kg2 Rhg8 30. Rb2 f5 31. exf5+ Nxf5 32. Re2 Kf6 33.
Rxe5 Nh4+ 34. Kh3 Nf3 35. Re3 Ng5+ 36. Kg2 Ne6 37. Rf1+ Kg7 38. Ne5 Rd2+ 39.
Rf2 Rgd8 40. Ree2 Rxe2 41. Rxe2 Nd4 42. Rd2 Re8 43. Nf3 Re2+ 44. Rxe2 Nxe2 45.
Kf2 Nc3 46. Ne5 Nxa2 47. Nd7 Nc1 48. Nxb6 Nxb3 49. Ke3 Kf6 50. Ke4 Ke6 51. h4
Nd2+ 52. Kf4 f5 53. h5 Ne4 54. g4 Nd6 55. gxf5+ Nxf5 56. Nd7 Ng7 57. h6 Nh5+
58. Kg5 Ng3 59. Nxc5+ Kf7 60. Kg4 Nf1 61. Kg5 {a černý se vzdal v 70. tahu.}
1-0

[Event "Brno /Olexa/"]
[Site "Brno"]
[Date "2023.12.28"]
[Round "3"]
[White "Svobodova, Michaela"]
[Black "Husek, Martin"]
[Result "1-0"]
[WhiteElo "1981"]
[BlackElo "2233"]
[PlyCount "75"]
[EventDate "2023.12.??"]
[EventType "tourn"]
[EventRounds "7"]

1. e4 c5 2. Nf3 e6 3. d4 cxd4 4. Nxd4 Nc6 5. Nc3 Qc7 6. f4 a6 7. Nxc6 bxc6 8.
Bd3 d5 9. Qe2 Nf6 10. O-O Be7 11. b3 a5 12. Kh1 Nd7 13. exd5 cxd5 14. Nxd5 exd5
15. Ba3 Nf6 16. Rae1 Ra7 17. Bxe7 Qxe7 18. Qf3 Be6 19. f5 O-O 20. fxe6 fxe6 21.
Qe2 Re8 22. Bb5 Rb8 23. a4 Ne4 24. Bd3 Nc5 25. Qe5 Qc7 26. Qd4 Rb4 27. Qf2 Ra8
28. Re3 Qe7 29. Rf3 Rb7 30. Qd4 Qd6 31. Qh4 h6 32. Qh5 e5 33. Bg6 Re7 34. Bf7+
Rxf7 35. Qxf7+ Kh8 36. Rg3 Rg8 37. Rg6 Qd8 38. Rff6 1-0

[Event "Brno /Olexa/"]
[Site "Brno"]
[Date "2023.12.28"]
[Round "3"]
[White "Blata, Frantisek"]
[Black "Havelka, Ondrej"]
[Result "0-1"]
[WhiteElo "1732"]
[BlackElo "2155"]
[PlyCount "64"]
[EventDate "2023.12.??"]
[EventType "tourn"]
[EventRounds "7"]

1. d4 Nf6 2. c4 e6 3. Nf3 b6 4. g3 Bb7 5. Bg2 Be7 6. O-O O-O 7. Nbd2 d5 8. b3
c5 9. dxc5 bxc5 10. cxd5 exd5 11. Bb2 Nc6 12. a3 Qb6 13. Qc2 Rac8 14. Rab1 Ba6
15. Rfe1 Rfe8 16. Qf5 Rcd8 17. Ng5 Nd4 18. Bxd4 cxd4 19. b4 Bd6 20. b5 Bc8 21.
Qd3 g6 22. Qb3 Qa5 23. Bxd5 Nxd5 24. Qxd5 Re7 25. Nc4 Qc7 26. Nxd6 Rxd6 27. Qb3
Bb7 28. Rbd1 Qd7 29. Rd3 Qf5 30. Qb4 Rxe2 31. Rxe2 Qxd3 32. Qxd6 Qd1+ 0-1

[Event "Brno /Olexa/"]
[Site "Brno"]
[Date "2023.12.28"]
[Round "3"]
[White "Vanek, Ladislav"]
[Black "Jires, Jiri"]
[Result "1/2-1/2"]
[WhiteElo "2145"]
[BlackElo "2138"]
[PlyCount "58"]
[EventDate "2023.12.??"]
[EventType "tourn"]
[EventRounds "7"]

1. c4 Nf6 2. Nc3 g6 3. e4 d6 4. d4 Bg7 5. Nge2 O-O 6. Ng3 c5 7. d5 e6 8. Be2 a6
9. a4 exd5 10. cxd5 b6 11. O-O Re8 12. Re1 Nbd7 13. Bf4 Ne5 14. Qd2 Ra7 15. Bg5
Ned7 16. Rac1 Qe7 17. f3 Qf8 18. Nf1 h6 19. Bh4 g5 20. Bf2 Ne5 21. Ng3 Ng6 22.
Nd1 Bd7 23. a5 b5 24. b4 Rc7 25. bxc5 dxc5 26. Ne3 Nf4 27. Red1 Qd6 28. Ngf1
N6h5 29. g3 {[#]} Ng6 {(R)} 1/2-1/2

[Event "Brno /Olexa/"]
[Site "Brno"]
[Date "2023.12.28"]
[Round "3"]
[White "Smistik, Milan"]
[Black "Pribyl, Rene"]
[Result "1-0"]
[WhiteElo "2298"]
[BlackElo "1855"]
[PlyCount "79"]
[EventDate "2023.12.??"]
[EventType "tourn"]
[EventRounds "7"]

1. e4 e5 2. Nf3 Nf6 3. Nc3 Nc6 4. d4 exd4 5. Nxd4 Bb4 6. Nxc6 bxc6 7. Bd3 h6 8.
e5 Qe7 9. O-O Nd5 10. Nxd5 cxd5 11. Qg4 g6 12. Qd4 Qc5 13. Qf4 Qe7 14. a3 Bc5
15. b4 Bb6 16. Bb2 Qe6 17. c4 c6 18. c5 Bd8 19. Qg3 Rg8 20. f4 Qe7 21. f5 Qg5
22. fxg6 fxg6 23. Qf2 Qe7 24. Rae1 a5 25. Re3 Qe6 26. Rg3 Bh4 27. Qe3 Bxg3 28.
Qxg3 h5 29. h3 g5 30. Rf6 Qe7 31. Bg6+ Kd8 32. e6 h4 33. Qe5 axb4 34. axb4 Rg7
35. Bf5 dxe6 36. Bxe6 Rh7 37. Qf5 Bxe6 38. Rxe6 Rf7 39. Qg6 Ra6 40. Rxe7 1-0

[Event "Brno /Olexa/"]
[Site "Brno"]
[Date "2023.12.28"]
[Round "3"]
[White "Holemar, David"]
[Black "Neduchal, Jiri"]
[Result "1-0"]
[WhiteElo "2196"]
[BlackElo "1766"]
[PlyCount "45"]
[EventDate "2023.12.??"]
[EventType "tourn"]
[EventRounds "7"]

1. d4 Nf6 2. c4 g6 3. Nc3 d5 4. h4 Bg7 5. h5 Nxh5 6. cxd5 c6 7. e4 cxd5 8. e5
Bf8 9. g4 Ng7 10. Bh6 Nc6 11. Bg2 Be6 12. Bf3 Qa5 13. Nge2 O-O-O 14. a3 Kb8 15.
b4 Qc7 16. Rc1 Qd7 17. Qa4 Bxg4 18. Bxg4 Qxg4 19. b5 Nxe5 20. Bf4 Ka8 21. Bxe5
f6 22. Bc7 Rc8 23. Bb6 1-0

[Event "Brno /Olexa/"]
[Site "Brno"]
[Date "2023.12.28"]
[Round "3"]
[White "Matzner, Radomil"]
[Black "Schmid, Jaroslav"]
[Result "1-0"]
[WhiteElo "1740"]
[BlackElo "1914"]
[PlyCount "55"]
[EventDate "2023.12.??"]
[EventType "tourn"]
[EventRounds "7"]

1. d4 Nf6 2. Nf3 e6 3. Bg5 Be7 4. e3 b6 5. Bd3 Bb7 6. O-O d5 7. c4 Nbd7 8. cxd5
exd5 9. Nc3 Ne4 10. Bxe7 Qxe7 11. Nb5 Ndf6 12. Rc1 c6 13. Nc3 Nxc3 14. Rxc3 O-O
15. Ne5 c5 16. f4 c4 17. Bf5 g6 18. Bb1 b5 19. a3 a5 20. f5 Ra6 21. Qf3 Ne4 22.
Bxe4 dxe4 23. Qf4 f6 24. fxg6 fxe5 25. gxh7+ Kg7 26. Qxf8+ Qxf8 27. Rxf8 Rh6
28. h8=Q+ 1-0

[Event "Brno /Olexa/"]
[Site "Brno"]
[Date "2023.12.28"]
[Round "3"]
[White "Divis, Jan"]
[Black "Wuensch, Radek"]
[Result "0-1"]
[WhiteElo "1536"]
[BlackElo "1974"]
[PlyCount "102"]
[EventDate "2023.12.??"]
[EventType "tourn"]
[EventRounds "7"]

1. d4 Nf6 2. Bf4 g6 3. e3 Bg7 4. c3 O-O 5. Be2 d6 6. Nd2 Nfd7 7. Ngf3 e5 8. Bg3
Nc6 9. dxe5 dxe5 10. O-O Qe7 11. e4 Nb6 12. Qc2 Be6 13. Nb3 h5 14. h3 a5 15. a4
f6 16. Rfd1 Rf7 17. Bb5 g5 18. h4 g4 19. Ne1 Nb8 20. Bd3 N8d7 21. c4 Qb4 22.
Nd2 Nc5 23. b3 Bh6 24. Qa2 Bxd2 25. Rxd2 Qxb3 26. Qa3 Qxa3 27. Rxa3 Nxd3 28.
Rdxd3 Nxc4 29. Rab3 Nb6 30. Ra3 Rd7 31. Rxd7 Bxd7 32. f4 gxf3 33. Rxf3 Kg7 34.
Bf2 Nxa4 35. Rg3+ Kf7 36. Rd3 Bc6 37. g3 Ke6 38. Ra3 b5 39. Re3 b4 40. Nd3 Rd8
41. Nc1 Rd1+ 42. Re1 Rxe1+ 43. Bxe1 Nc5 44. Kf1 Bxe4 45. Ke2 b3 46. Bc3 a4 47.
Bb2 Nd7 48. Ke3 f5 49. Ne2 Nb6 50. Kd2 Nc4+ 51. Kc1 a3 0-1

[Event "Brno /Olexa/"]
[Site "Brno"]
[Date "2023.12.28"]
[Round "3"]
[White "Stary, Simon"]
[Black "Timko, Daniel"]
[Result "1-0"]
[WhiteElo "1826"]
[BlackElo "1565"]
[PlyCount "147"]
[EventDate "2023.12.??"]
[EventType "tourn"]
[EventRounds "7"]

1. e4 c6 2. d4 d5 3. exd5 cxd5 4. Bd3 Nc6 5. c3 Nf6 6. Bf4 Bg4 7. Qb3 Qc8 8.
Nd2 e6 9. Ngf3 Be7 10. O-O O-O 11. Rae1 g6 12. h3 Bf5 13. Bxf5 gxf5 14. Ne5
Nxe5 15. dxe5 Ne4 16. Nxe4 dxe4 17. Qd1 Kh8 18. Qh5 Qe8 19. f3 exf3 20. Rxf3
Rg8 21. Kh1 Rd8 22. Bh6 Rg6 23. g4 fxg4 24. hxg4 Qc6 25. Kg2 Rdg8 26. Kg3 f5
27. exf6 Bd6+ 28. Kf2 Bc5+ 29. Be3 Bxe3+ 30. Rexe3 Rxg4 31. Qxg4 Rxg4 32. f7
Rg8 33. fxg8=Q+ Kxg8 34. Rf4 Qb6 35. Rb4 Qd6 36. Rg3+ Kf8 37. Rf3+ Ke8 38. Rh3
Qd2+ 39. Kg3 Qd3+ 40. Kh4 Qd8+ 41. Kg4 Qd1+ 42. Kf4 Qd2+ 43. Re3 Qf2+ 44. Rf3
Qd2+ 45. Kg3 Qe1+ 46. Kg2 Qd2+ 47. Rf2 Qd5+ 48. Kg1 Qxa2 49. Rxb7 Qb1+ 50. Kh2
Qg6 51. Rb4 Qh5+ 52. Kg3 Qe5+ 53. Rbf4 Qe3+ 54. Kg4 Qc5 55. Kf3 e5 56. Re4 Kd7
57. Rfe2 Ke6 58. R2e3 Qf8+ 59. Ke2 Qb8 60. b4 Qd6 61. b5 Qd5 62. c4 Qc5 63. Rd3
Qb4 64. Rde3 Qb2+ 65. Kf3 Qh2 66. Re2 Qh3+ 67. Kf2 Qh2+ 68. Ke1 Qg1+ 69. Kd2
Qg5+ 70. Kc3 h5 71. R2e3 Qg7 72. c5 Kd5 73. c6 Qe7 74. Rxe5+ 1-0

[Event "Brno /Olexa/"]
[Site "Brno"]
[Date "2023.12.28"]
[Round "3"]
[White "Doskar, Miloslav"]
[Black "Hrdlicka, Vladan"]
[Result "0-1"]
[WhiteElo "1462"]
[BlackElo "1799"]
[PlyCount "52"]
[EventDate "2023.12.??"]
[EventType "tourn"]
[EventRounds "7"]

1. e4 e6 2. d3 d5 3. exd5 exd5 4. Nf3 Bd6 5. g3 Nc6 6. Bg2 Bg4 7. O-O Nge7 8.
Nc3 Qd7 9. Ne2 Ng6 10. Be3 h5 11. Qd2 h4 12. Nf4 hxg3 13. fxg3 Nge7 14. Rae1
O-O-O 15. d4 f6 16. Rf2 g5 17. Nd3 Nf5 18. Ree2 Qh7 19. Nde1 Rde8 20. c3 Nxg3
21. hxg3 Bxg3 22. Rf1 Bh3 23. Bxh3+ Qxh3 24. Rh2 Bxh2+ 25. Qxh2 Qxf1+ 26. Kxf1
Rxh2 0-1

[Event "Brno /Olexa/"]
[Site "Brno"]
[Date "2023.12.28"]
[Round "3"]
[White "Veznik, Michael"]
[Black "Branka, Julia"]
[Result "0-1"]
[WhiteElo "1774"]
[BlackElo "1466"]
[PlyCount "90"]
[EventDate "2023.12.??"]
[EventType "tourn"]
[EventRounds "7"]

1. d4 d5 2. e3 Nf6 3. Bd3 e6 4. Nd2 c5 5. c3 Be7 6. Ngf3 O-O 7. Ne5 Nbd7 8. f4
Qc7 9. O-O b6 10. e4 cxd4 11. Nxd7 Bxd7 12. e5 dxc3 13. Nb3 cxb2 14. Bxb2 Ne8
15. Bxh7+ Kxh7 16. Qh5+ Kg8 17. Rac1 Qd8 18. Rc3 f5 19. Rh3 Bc5+ 20. Kh1 Bc6
21. Rff3 d4 22. Rd3 Qd5 23. Qh7+ Kf7 24. Qh5+ Ke7 25. Qg5+ Kd7 26. Bxd4 Be7 27.
Qg6 Kc8 28. Bg1 Qe4 29. Qxe6+ Kb8 30. Rhg3 Bh4 31. Rd4 Qc2 32. Rc4 Bd7 33. Qd5
Nc7 {[#]} 34. Rxc7 $2 Qxc7 35. Rxg7 Bc6 36. Qd6 Qxd6 37. exd6 Rd8 38. Nd4 Be4
39. d7 Bf6 40. Rf7 Bxd4 41. Bxd4 Kc7 42. Be5+ Kc6 43. h4 Rxd7 44. Rf6+ Kb5 45.
Rg6 Rh7 0-1

[Event "Brno /Olexa/"]
[Site "Brno"]
[Date "2023.12.28"]
[Round "3"]
[White "Velim, Vojtech"]
[Black "Slegl, Milan"]
[Result "1-0"]
[WhiteElo "1765"]
[BlackElo "1456"]
[PlyCount "109"]
[EventDate "2023.12.??"]
[EventType "tourn"]
[EventRounds "7"]

1. Nf3 Nf6 2. c4 e6 3. Nc3 d5 4. e3 Nbd7 5. b3 c6 6. Bb2 Qc7 7. Rc1 Bd6 8. Qc2
Ne5 9. Nd4 dxc4 10. bxc4 Bd7 11. Be2 Rc8 12. e4 Ng6 13. g3 a6 14. f4 e5 15.
fxe5 Nxe5 16. Qb3 O-O 17. O-O Bc5 18. Na4 Ba7 19. Kh1 Nxe4 20. Nf3 Nxf3 21.
Qxf3 Rce8 22. Bd3 c5 23. Bxe4 Rxe4 24. Nc3 Bc6 25. Nxe4 f5 26. d3 Qd8 27. Rce1
b5 28. Kg1 fxe4 29. Qxf8+ Qxf8 30. Rxf8+ Kxf8 31. dxe4 bxc4 32. Bc3 Bb6 33. Kf2
g6 34. Ke3 Bd8 35. Rf1+ Ke8 36. Kf4 Kf7 37. Ke3+ Ke8 38. Be5 Bg5+ 39. Bf4 Bf6
40. e5 Be7 41. Kf2 g5 42. Bd2 Kf7 43. Ke3+ Ke6 44. Bc3 h5 45. Rb1 g4 46. Kf4
Kf7 47. Rb6 Bd5 48. Rxa6 Be6 49. Rc6 h4 50. Be1 c3 51. Bxc3 Bxa2 52. Kxg4 hxg3
53. hxg3 Be6+ 54. Kf4 Bf8 55. g4 1-0

[Event "Brno /Olexa/"]
[Site "Brno"]
[Date "2023.12.28"]
[Round "3"]
[White "Prochazka, Marek"]
[Black "Petran, Tomas"]
[Result "1/2-1/2"]
[WhiteElo "1133"]
[BlackElo "1730"]
[PlyCount "53"]
[EventDate "2023.12.??"]
[EventType "tourn"]
[EventRounds "7"]

1. e4 c5 2. c3 d5 3. exd5 Qxd5 4. d4 e6 5. Nf3 Nc6 6. Bb5 Bd7 7. Be3 cxd4 8.
Bxc6 Bxc6 9. Bxd4 Qb5 10. Qb3 Qxb3 11. axb3 Bxf3 12. gxf3 a6 13. Nd2 Ne7 14.
Ne4 Nf5 15. Bb6 Be7 16. Rd1 O-O 17. Rd7 Rab8 18. Ng3 Bf6 19. b4 Rfe8 20. Bc7
Rbc8 21. Bb6 Re7 22. Rxe7 Bxe7 23. Ke2 Bd8 24. Bxd8 Rxd8 25. Rd1 Rxd1 26. Kxd1
Kf8 27. Ne4 1/2-1/2

[Event "Brno /Olexa/"]
[Site "Brno"]
[Date "2023.12.28"]
[Round "3"]
[White "Stara, Zuzana"]
[Black "Dolezal, Josef"]
[Result "1-0"]
[WhiteElo "1691"]
[BlackElo "1194"]
[PlyCount "105"]
[EventDate "2023.12.??"]
[EventType "tourn"]
[EventRounds "7"]

1. e4 c6 2. d4 d5 3. exd5 cxd5 4. Bd3 Nc6 5. c3 Nf6 6. Bf4 Bg4 7. Qb3 Qd7 8.
Nd2 e6 9. Ngf3 Bd6 10. Bxd6 Qxd6 11. O-O O-O 12. Rfe1 Rab8 13. Ne5 Qc7 14. Ndf3
Bh5 15. Qc2 Rfc8 16. Rac1 b5 17. Nxc6 Qxc6 18. Ne5 Qd6 19. Qd2 Nd7 20. Qg5 Bg6
21. Nxg6 hxg6 22. Re3 b4 23. Rh3 Nf6 24. Qh4 Nh5 25. g4 Qf4 26. Rd1 bxc3 27.
bxc3 Qh6 28. gxh5 gxh5 29. Qxh5 Qxh5 30. Rxh5 Rxc3 31. Rh3 g6 32. Rg3 Kg7 33.
a4 Rb2 34. Bb5 Rcc2 35. Rf3 Rc7 36. Kg2 Rb4 37. Ra3 Rc8 38. Raa1 Rh8 39. Rab1
Rxb1 40. Rxb1 Rh4 41. Rd1 g5 42. Kg3 Kf6 43. Be2 Ke7 44. Rb1 Kd6 45. Rb7 f6 46.
Rxa7 Rxd4 47. a5 Kc6 48. a6 Kb6 49. Re7 e5 50. Re6+ Kc5 51. a7 Ra4 52. Ra6 Rxa6
53. Bxa6 1-0